000 00374 a2200109 4500
001 ART_4717
005 20260410161824.0
008 260409a
245 1 0 _aLos desafíos de la educación ante los nuevos procesos productivos
100 1 _aFilmus, Daniel
773 0 _tRevista de trabajo
_gFormación profesional - Año 1, Nº 1 (mar./abr. 1994)
_wREV4713
999 _c22600
_d22600